• 首页
  • 本馆介绍
  • 公告通知
  • 最新文献
  • 馆藏检索
  • 电子资源
  • 读者导购
  • 参考咨询
  • 我的图书馆
  • 登录
  • 详细信息显示
  • 放入我的书架
  • 预约/预借图书
  • 作者相关作品
  • 分类相关作品
  • 丛书相关作品
  • 出版社相关作品

书目信息

  • 表格格式
  • 工作单格式
  • 卡片格式
题名:
高校体育与健康教程
    
 
作者: ;《高校体育与健康教程》编写组 编
分册:  
出版信息: 北京   人民体育出版社  2002
页数: 308页
开本: 26cm
丛书名:
单 册:
中图分类: G806
科图分类:
主题词: 体育理论
电子资源:
ISBN: 7-5009-2348-1
000 00720nam0 2200205 450
001 0653970531
005 20070713162415.62
010    @a7-5009-2348-1@dCNY21.00
100    @a20061019d2002 km y0chiy0120 ea
101 0  @achi
102    @aCN@b110000
200 1  @a高校体育与健康教程@Agao xiao ti yu yu jian kang jiao cheng@f《高校体育与健康教程》编写组编@F《gao xiao ti yu yu jian kang jiao cheng》bian xie zu bian
210    @a北京@c人民体育出版社@d2002
215    @a308页@d26cm
300    @a高等学校公共体育与健康教材
606 0  @a体育理论
690    @aG806@v3
711  0 @a《高校体育与健康教程》编写组@A《gao xiao ti yu yu jian kang jiao cheng》bian xie zu@4编
801  0 @aCN@bPFT@c20070713
905    @a10447@dG806@e189
    
    高校体育与健康教程/《高校体育与健康教程》编写组编.-北京:人民体育出版社,2002
    308页;26cm
    高等学校公共体育与健康教材
    
    ISBN 7-5009-2348-1:CNY21.00
    
●
相关链接 在E读中查询图书 在五车中查询图书 在当当中查询图书 在豆瓣中查询图书


正题名:高校体育与健康教程     索取号:G806/189         预约/预借

序号 登录号 条形码 馆藏地/架位号 状态 备注
1 0504073   205040739   密集书库/ [索取号:G806/189] 在馆    
2 0504074   205040748   密集书库/ [索取号:G806/189] 在馆    
3 0778464   207784646   密集书库/ [索取号:G806/189] 在馆    
唐山师范学院图书馆 欢迎您!
大连网信软件有限公司© 版权所有